000
00212nam a22000977a 4500
003
SGT
245
_a
Journal of Dental Research
260
_b
Sage Publisher
_c
2021-2022
300
_a
776,1524,608,
942
_2
ddc
_c
BV
999
_c
30400
_d
30400